| 000 | 00480nam a2200133 a 4500 | ||
|---|---|---|---|
| 008 | 120416s1972 ||||||||||||||||| || u | ||
| 050 | _aT 57.8 Him | ||
| 100 | _aHimmelblau, David Mautner | ||
| 245 | 1 | 0 | _aApplied nonlinear programming |
| 260 |
_aNew York _bMcGraw-Hill _c[1972] |
||
| 300 | _axi, 498p. : ill. | ||
| 350 | _a0.00 | ||
| 995 |
_D0.00 _FCBU-MAIN LIBRARY (Kitwe) _H1 _I0.00 _UAVAILABLE _ZAnnex Low-Usage Collection |
||
| 999 |
_c34584 _d34584 |
||